00498nam a2200193Ia 4500008004100000020001800041050001400059100002100073245003100094245005300125260001500178260001600193260000900209300001500218300002700233300001000260440002700270500000700297170918s9999 xx 000 0 und d a9780590449486 bM123 1992 aMaccarone, Grace aItchy, itchy chicken pox / cby Grace Maccarone ; illustrated by Betsy Lewin. aNew York : bScholastic, c1992 a30 pages : bcolored illustration ; c23cm. aHello reader! Level 1. a80